000 00680nam a2200217Ia 4500
001 10855
003 GE_BSU
008 181216s||||||||xx |||||||||||||| ||und||
040 _cGE_BSU
080 _a821.353.1–1
100 _aქებურია,ბელა
245 _aშემოდგომის გრიგალები.
245 _bლექსები.
245 _cრედ.ლ.ბეჟანიძე;მხატვ.რ.ლომაძე.
260 _aბათუმი.
260 _bაჭარა.
260 _c1992.
300 _a36გვ;17სმ.
653 _aშემოდგომის გრიგალები.
942 _cBK
999 _c44097
_d44097